Nákladové účtovníctvo v časovom priereze dejinami diplomová práca

Na minha lista:
Detalhes bibliográficos
Autor principal: Kovašichová, Monika
Autor Corporativo: Fakulta hospodárskej informatiky EU. Katedra účtovníctva a audítorstva
Outros Autores: Antalová, Renáta
Formato: Livro
Idioma:eslovaco
Publicado em: Bratislava 2011
Tags: Adicionar Tag
Sem tags, seja o primeiro a adicionar uma tag!

MARC

LEADER 00000nbm a2200000 4500
001 0132213
005 20161109101758.0
041 0 |a slo 
044 |a SK 
245 1 0 |a Nákladové účtovníctvo v časovom priereze dejinami  |b diplomová práca  |c Monika Kovašichová ; školiteľ: Renáta Antalová 
264 1 |a Bratislava  |c 2011 
300 |a 66 s. 
100 1 |a Kovašichová, Monika 
700 1 |a Antalová, Renáta 
710 2 |a Fakulta hospodárskej informatiky EU. Katedra účtovníctva a audítorstva